[Event "US-op"]
[Site "Las Vegas"]
[Date "1997.??.??"]
[Round "4"]
[White "Kudrin, Sergey"]
[Black "Ivanov, Igor V"]
[Result "1/2-1/2"]
[WhiteElo "2610"]
[BlackElo "2565"]

1.e4 c5 2.Nf3 e6 3.Nc3 a6 4.d4 cxd4 5.Nxd4 b5 6.Bd3 Ne7 7.Bg5 d6 8.O-O h6
9.Be3 Nec6 10.Nxc6 Nxc6 11.f4 Be7 12.Qh5 g6 13.Qf3 Bb7 14.Qh3 Qd7 15.Rad1 h5
16.a4 b4 17.Ne2 Rc8 18.b3 h4 19.Bc1 Rd8 20.Kh1 Qc8 21.Bb2 Rg8 22.Ng1 d5 23.Nf3 Nb8
24.exd5 Rxd5 25.Ne5 Nd7 26.Nc4 Qd8 27.Ne3 Rc5 28.Bd4 Rc7 29.Ng4 Qa8 30.Rfe1 Bd5
31.Rd2 Qc6 32.Rde2 Kd8 33.Ne3 Be4 34.Nc4 Bf5 35.Qe3 h3 36.Be4 Qxe4 37.Qxe4 Bxe4
38.Rxe4 hxg2+ 39.Kxg2 Kc8 40.Rd1 Rd8 41.Ne5 Nxe5  1/2-1/2

[Event "US-op"]
[Site "Las Vegas"]
[Date "1997.??.??"]
[Round "5"]
[White "Ivanov, Igor V"]
[Black "Ibragimov, Ildar"]
[Result "0-1"]
[WhiteElo "2565"]
[BlackElo "2645"]

1.d4 d5 2.c4 dxc4 3.e3 Nf6 4.Bxc4 e6 5.Nf3 c5 6.O-O a6 7.Bd3 Nbd7 8.Qe2 b6
9.Rd1 Bb7 10.Nc3 Qb8 11.h3 Be7 12.dxc5 Bxc5 13.a3 Ne5 14.Nxe5 Qxe5 15.b4 Bd6
16.f4 Qxc3 17.Bb2 Qc7 18.Rac1 Qe7 19.g4 h6 20.Bb1 Rd8 21.h4 Bb8 22.Rxd8+ Qxd8
23.Rd1 Qc8 24.Rc1 Qd7  0-1

[Event "World op"]
[Site "Philadelphia"]
[Date "1997.??.??"]
[Round "3"]
[White "Ivanov, Igor V"]
[Black "Dorobanov, Svetos"]
[Result "0-1"]
[WhiteElo "2510"]
[BlackElo "2360"]

1.d4 Nf6 2.c4 e6 3.Nf3 c5 4.e3 cxd4 5.exd4 d5 6.Nc3 Nc6 7.cxd5 Nxd5 8.Bd3 Bb4
9.Qc2 Nxd4 10.Nxd4 Nxc3 11.bxc3 Qxd4 12.Qa4+ Bd7 13.Qxb4 Qxd3 14.Ba3 O-O-O
15.Rd1 Qb5 16.f3 Qe5+ 17.Kf2 Bc6 18.Bc1 Qf5 19.Qb3 g5 20.h3 h5 21.Rxd8+ Rxd8
22.Rd1 Rg8 23.c4 g4 24.Qd3 gxh3 25.g3 h4 26.g4 Qe5 27.Qd6 Qc3 28.Bf4 Qxf3+
29.Ke1 Qe4+ 30.Kf2 e5 31.Bxe5 Qf3+ 32.Ke1 Qe3+ 33.Kf1 Bg2+  0-1

[Event "USA-ch Gr-A"]
[Site "Denver"]
[Date "1998.10.31"]
[Round "1"]
[White "Dzindzichashvili, Roman"]
[Black "Ivanov, Igor V"]
[Result "1/2-1/2"]
[WhiteElo "2545"]
[BlackElo "2505"]

1.e4 e6 2.d4 d5 3.Nc3 Nf6 4.Bg5 Be7 5.e5 Nfd7 6.Bxe7 Qxe7 7.f4 c5 8.Nf3 Nc6
9.dxc5 Qxc5 10.Qd2 a6 11.Bd3 b5 12.Ne2 Nb6 13.Ned4 Nxd4 14.Nxd4 Na4 15.c3  1/2-1/2

[Event "USA-ch Gr-A"]
[Site "Denver"]
[Date "1998.11.01"]
[Round "2"]
[White "Ivanov, Igor V"]
[Black "De Firmian, Nick E"]
[Result "1/2-1/2"]
[WhiteElo "2505"]
[BlackElo "2605"]

1.Nf3 c5 2.g3 Nc6 3.Bg2 e5 4.c4 g6 5.Nc3 Bg7 6.d3 d6 7.a3 Nge7 8.Rb1 a5 9.O-O O-O
10.Nd5 Rb8 11.Bg5 h6 12.Bxe7 Nxe7 13.Nxe7+ Qxe7 14.b4 axb4 15.axb4 cxb4 16.Ne1 Bd7
17.Rxb4 d5 18.Qb3 dxc4 19.dxc4 Bg4  1/2-1/2

[Event "USA-ch Gr-A"]
[Site "Denver"]
[Date "1998.11.02"]
[Round "3"]
[White "Ivanov, Igor V"]
[Black "Shabalov, Alexander"]
[Result "1-0"]
[WhiteElo "2505"]
[BlackElo "2645"]

1.Nf3 Nf6 2.c4 g6 3.Nc3 Bg7 4.d4 O-O 5.Bg5 d6 6.e3 h6 7.Bh4 c6 8.Be2 a6 9.O-O b5
10.b4 a5 11.a3 bxc4 12.Bxc4 Bg4 13.Be2 Nbd7 14.h3 Be6 15.b5 cxb5 16.d5 Bf5
17.Nd4 b4 18.Nc6 Qe8 19.axb4 g5 20.Bg3 Ne4 21.Nxe4 Bxa1 22.Qxa1 Bxe4 23.Qd4 Bg6
24.bxa5 Nc5 25.f4 Ne4 26.Be1 gxf4 27.exf4 e6 28.Bh4 f6 29.Bf3 e5 30.fxe5 fxe5
31.Qe3 Ng5 32.Bxg5 hxg5 33.Qxg5 Kh7 34.Re1 Rf5 35.Qh4+ Kg7 36.Nd4 Rf7 37.Ne6+ Kg8
38.Be4 Rb7 39.Qg5  1-0

[Event "USA-ch Gr-A"]
[Site "Denver"]
[Date "1998.11.03"]
[Round "4"]
[White "Gurevich, Dmitry"]
[Black "Ivanov, Igor V"]
[Result "1-0"]
[WhiteElo "2505"]
[BlackElo "2505"]

1.d4 Nf6 2.c4 c6 3.Nc3 d5 4.e3 e6 5.Nf3 Nbd7 6.Qc2 Be7 7.Bd3 b6 8.O-O Bb7
9.b3 Rc8 10.Bb2 c5 11.Qe2 cxd4 12.exd4 O-O 13.Rad1 Qc7 14.Rfe1 Bb4 15.a3 dxc4
16.bxc4 Bxc3 17.Bxc3 Qf4 18.Nd2 Qg5 19.f3 Rfe8 20.Qf2 Nh5 21.Kh1 Nf4 22.Be4 Ba6
23.g3 Nd5 24.cxd5 Rxc3 25.Bxh7+ Kxh7 26.Ne4 Qxd5 27.Nxc3 Qb3 28.Ne4 Bb7 29.Qe3 Qd5
30.Kg2 Nf6 31.Nxf6+ gxf6 32.Qe4+ Kg7 33.Qxd5 Bxd5 34.Rc1 a5 35.Rb1 Rb8 36.Rec1 b5
37.Rc5 b4 38.Rxa5 b3 39.Rb2 f5 40.Kf2 f4 41.gxf4 Kf6 42.Ke3 Rc8 43.Rc5 Ra8
44.Rxd5 exd5 45.Rxb3 Kf5 46.h4 Re8+ 47.Kf2 Ra8 48.h5 f6 49.Ke3 Re8+ 50.Kd2 Rh8
51.Kc3 Kxf4 52.Kb2 Rxh5 53.a4 Rh8 54.Ka3 Ra8 55.Rd3 Kf5 56.Kb4 Ke6 57.a5 Kd6
58.Rc3 f5 59.f4 Re8 60.a6 Rb8+ 61.Ka5 Rb1 62.Rc5  1-0

[Event "USA-ch Gr-A"]
[Site "Denver"]
[Date "1998.11.04"]
[Round "5"]
[White "Ivanov, Igor V"]
[Black "Kudrin, Sergey"]
[Result "0-1"]
[WhiteElo "2505"]
[BlackElo "2540"]

1.d4 Nf6 2.c4 g6 3.g3 Bg7 4.Bg2 d5 5.cxd5 Nxd5 6.Nc3 Nxc3 7.bxc3 c5 8.Nf3 Qa5
9.O-O Qxc3 10.Bg5 Qa3 11.Rb1 Nc6 12.d5 Nd4 13.d6 exd6 14.e3 Nxf3+ 15.Bxf3 O-O
16.Qxd6 Qxa2 17.Rfc1 Be6 18.Rxb7 c4 19.Be7 a5 20.Bxf8 Rxf8 21.Be4 a4 22.h4 c3
23.Bc2 Rc8 24.Qd1 Qb2 25.Rb1 a3 26.Ra7 a2 27.Ra1 h5 28.Kg2 Bf6 29.Qf3 Bg7
30.Qd1 Rb8 31.Be4 c2 32.Qd6 Be5 33.Qe7 Qxa1 34.Bxg6 c1=Q 35.Bxf7+ Kh8  0-1

[Event "USA-ch Gr-A"]
[Site "Denver"]
[Date "1998.11.06"]
[Round "7"]
[White "Ivanov, Igor V"]
[Black "Seirawan, Yasser"]
[Result "0-1"]
[WhiteElo "2505"]
[BlackElo "2630"]

1.Nf3 d6 2.g3 e5 3.d3 g6 4.Bg2 Bg7 5.O-O f5 6.e4 fxe4 7.dxe4 Nf6 8.Nc3 O-O
9.Bg5 h6 10.Bxf6 Bxf6 11.Nd5 Be6 12.c3 Nd7 13.Nd2 Bg7 14.Qe2 Rf7 15.Rad1 Nb6
16.Nb3 Qc8 17.Na5 Bg4 18.f3 Be6 19.c4 c6 20.Ne3 Qc7 21.Rc1 Nd7 22.b4 Nf8
23.Rfd1 Rd8 24.Qd2 h5 25.Rc3 Bh6 26.a3 Nh7 27.Qe2 h4 28.Rcd3 b6 29.Nb3 Nf6
30.Nd2 Nh5 31.Ndf1 Bg5 32.Qc2 Rfd7 33.Rc3 Kh7 34.Qf2 Rf8 35.Qe2 a6 36.Qe1 Qa7
37.b5 Rc8 38.a4 cxb5 39.cxb5 Rxc3 40.Qxc3 axb5 41.axb5 Qa4 42.Rb1 Qa2 43.Rd1 Qe2
44.Qd3 Qb2 45.Ng4 Qb4 46.Bh3 Qc5+ 47.Kg2 Bc4 48.Qb1 Ra7 49.Kh1 Be2 50.Rd5 Qc3  0-1

[Event "American Open"]
[Site "Los Angeles USA"]
[Date "2001.11.23"]
[Round "3"]
[White "Ivanov,Ig"]
[Black "Szuk,B"]
[Result "1-0"]
[WhiteElo "2461"]
[BlackElo "2359"]

1.Nf3 Nf6 2.c4 g6 3.Nc3 Bg7 4.e4 d6 5.d4 O-O 6.Be2 e5 7.O-O exd4 8.Nxd4 Re8
9.f3 Nh5 10.f4 c5 11.Nc2 Bxc3 12.Bxh5 Bg7 13.Bf3 Nc6 14.Kh1 Nd4 15.Nxd4 Bxd4
16.Qb3 Be6 17.a4 Qb6 18.Qc2 Qa6 19.Be2 f5 20.Ra3 fxe4 21.Rg3 Kh8 22.Be3 Qb6
23.Bxd4+ cxd4 24.Rb3 Qc6 25.Rb5 d3 26.Qc3+ Kg8 27.Bd1 Qxc4 28.Qd2 Bf7 29.Qe3 d5
30.f5 d4 31.Qh6 d2 32.Kg1 gxf5 33.Qg5+ Kh8 34.Qxf5 Bg6 35.Qf6+ Kg8 36.Bb3 Qxb3
37.Rxb3 e3 38.Rxb7  1-0

[Event "GPA Open"]
[Site "Ontario CAN"]
[Date "2002.08.07"]
[Round "1"]
[White "Ivanov,IgorV"]
[Black "Mazock,M"]
[Result "1/2-1/2"]
[WhiteElo "2489"]
[BlackElo "2221"]

1.d4 d5 2.c4 c6 3.Nf3 Nf6 4.e3 Bg4 5.Qb3 Qb6 6.Ne5 Bf5 7.Nc3 e6 8.Bd2 Nbd7
9.Nxd7 Nxd7 10.Be2 Qxb3 11.axb3 Bc2 12.Bd1 Bd3 13.c5 Be7 14.b4 a6 15.Na4 e5  1/2-1/2

[Event "GPA Open"]
[Site "Ontario CAN"]
[Date "2002.08.08"]
[Round "3"]
[White "Ivanov,IgorV"]
[Black "Patterson,Ro"]
[Result "1-0"]
[WhiteElo "2489"]
[BlackElo "2132"]

1.d4 Nf6 2.c4 e6 3.Nc3 Bb4 4.a3 Bxc3+ 5.bxc3 b6 6.f3 d6 7.e4 Nbd7 8.Ne2 Bb7
9.Ng3 Qe7 10.Bd3 O-O-O 11.a4 a5 12.O-O h5 13.Ba3 h4 14.Ne2 e5 15.Rb1 Nh5
16.Qd2 g6 17.Rb2 Rdf8 18.Rfb1 f5 19.Qe3 Nf4 20.c5 Nxd3 21.cxd6 cxd6 22.Qxd3 fxe4
23.Qc4+ Kd8 24.Rxb6 Nxb6 25.Rxb6 exf3 26.gxf3 Rf6 27.Qb5 Kc8 28.dxe5 Qxe5
29.Qxe5  1-0

[Event "GPA Open"]
[Site "Ontario CAN"]
[Date "2002.08.09"]
[Round "5"]
[White "Krnan,T"]
[Black "Ivanov,IgorV"]
[Result "0-1"]
[WhiteElo "2175"]
[BlackElo "2489"]

1.e4 g6 2.d4 Bg7 3.Nc3 c6 4.f4 d5 5.e5 Nh6 6.Bd3 Bg4 7.Nce2 e6 8.c3 Nf5 9.Qb3 Qb6
10.Bd2 h5 11.Qxb6 axb6 12.Kf2 c5 13.Nf3 Nc6 14.dxc5 bxc5 15.Be3 Nxe3 16.Kxe3 O-O
17.h3 Bxf3 18.Kxf3 f6 19.Bxg6 fxe5 20.Bxh5 exf4 21.Kf2 Ne5 22.Rhd1 b5 23.Bf3 Nc4
24.Rxd5 exd5 25.Bxd5+ Kh7 26.Bxa8 Rxa8 27.a3 Nxb2 28.Rb1 Nd3+ 29.Kf3 Re8
30.Nxf4 Nxf4 31.Kxf4 Rb8 32.c4 Rf8+ 33.Ke4 bxc4 34.Rc1 c3 35.Kd3 Rf4 36.Rc2 Kg6
37.Ra2 c4+ 38.Ke3 Kf5 39.g4+ Ke5 40.a4 Bh6  0-1

[Event "GPA Open"]
[Site "Ontario CAN"]
[Date "2002.08.10"]
[Round "6"]
[White "Ivanov,IgorV"]
[Black "Pushkedra,F"]
[Result "0-1"]
[WhiteElo "2489"]
[BlackElo "2293"]

1.d4 Nf6 2.c4 g6 3.Nc3 Bg7 4.e4 d6 5.Nf3 O-O 6.Bd3 Bg4 7.Be3 Nc6 8.Be2 e5
9.d5 Bxf3 10.Bxf3 Nd4 11.Nb5 Nxf3+ 12.Qxf3 a6 13.Nc3 Nh5 14.g3 Qe8 15.Rg1 b5
16.c5 b4 17.Ne2 Qb5 18.c6 Qd3 19.Rd1 Qc2 20.g4 Nf4 21.Bxf4 exf4 22.Qxf4 Qxb2
23.Qd2 Qe5 24.Qf4 Qe7 25.Kf1 a5 26.Kg2 a4 27.Rd2 Rfb8 28.Rb1 b3 29.a3 Re8
30.f3 Bf6 31.Rd3 Ra5 32.Qe3 Rc5 33.Nc3 Be5 34.Nxa4 Rc2+ 35.Rd2 Qh4 36.Rh1 Ra8
37.Rxc2 bxc2 38.Nb6 cxb6 39.Qc1 h5 40.gxh5 gxh5 41.Qxc2 Kh7 42.Kf1 Rxa3 43.Ke2 Qf4
44.Rf1 Qe3+  0-1

[Event "GPA Open"]
[Site "Ontario CAN"]
[Date "2002.08.10"]
[Round "7"]
[White "Tyomkin,D"]
[Black "Ivanov,IgorV"]
[Result "1/2-1/2"]
[WhiteElo "2482"]
[BlackElo "2489"]

1.d4 g6 2.Nf3 Bg7 3.Bg5 Nf6 4.Nbd2 c5 5.e3 b6 6.Be2 d6 7.O-O O-O 8.c3 Ba6
9.Bxa6 Nxa6 10.Qe2 Qc8 11.e4 cxd4 12.Nxd4 Nc5 13.f4 Ne6 14.Nxe6 Qxe6 15.a3 Rac8
16.Rae1 Rc5 17.Bh4 Rh5 18.Bf2 Qg4 19.h3 Qxe2 20.Rxe2 Rc8 21.Nf3 Ra5 22.g3 e6
23.e5 dxe5 24.Nxe5 Nd7 25.Bd4 Rd5 26.Kg2 a6 27.g4  1/2-1/2

[Event "GPA Open"]
[Site "Ontario CAN"]
[Date "2002.08.11"]
[Round "8"]
[White "Hacat,K"]
[Black "Ivanov,IgorV"]
[Result "1-0"]
[WhiteElo "2032"]
[BlackElo "2489"]

1.e4 c5 2.Nf3 d6 3.d4 cxd4 4.Nxd4 Nf6 5.Nc3 a6 6.f4 Bg4 7.Be2 Bxe2 8.Qxe2 e5
9.fxe5 dxe5 10.Nf5 g6 11.Ne3 Bb4 12.O-O Bxc3 13.bxc3 Nbd7 14.Ba3 Qc7 15.Nc4 O-O-O
16.Nd6+ Kb8 17.Rab1 Nc5 18.Nxb7 Nxb7 19.Rxf6 Rd7 20.Qxa6 Rhd8 21.Rxb7+ Qxb7
22.Rb6  1-0

[Event "GPA Open"]
[Site "Ontario CAN"]
[Date "2002.08.11"]
[Round "9"]
[White "Ivanov,IgorV"]
[Black "Rolfe,W"]
[Result "1-0"]
[WhiteElo "2489"]
[BlackElo "2042"]

1.b3 Nf6 2.Bb2 b6 3.Nf3 Bb7 4.g3 e6 5.Bg2 Be7 6.O-O O-O 7.c4 c5 8.Nc3 d6
9.e3 Nbd7 10.Qe2 Re8 11.Rad1 Qc7 12.d4 cxd4 13.Nb5 Qb8 14.Rxd4 a6 15.Nc3 Nf8
16.Rfd1 Rd8 17.e4 Ng6 18.a4 Qc7 19.Ba3 Ne5 20.R4d2 Rac8 21.Nd4 Nc6 22.Nxc6 Bxc6
23.f4 Ne8 24.Rd3 b5 25.cxb5 axb5 26.axb5 Qa7+ 27.Kh1 Qxa3 28.bxc6 Rxc6 29.Nb5 Qa6
30.Nd4 Rb6 31.Qf3 Bf6 32.Ne2 Rdb8 33.f5 exf5 34.exf5 Be5 35.Bf1 Qb7 36.Qxb7 R6xb7
37.Nc1 Bb2 38.Bg2 Rc7 39.Ne2 h6 40.Nf4 Nf6 41.Nd5 Rc2 42.Nxf6+ Bxf6 43.Bd5 Re8
44.Bf3 Rb8 45.Rb1 Rb6 46.b4 Rc4 47.b5 Rc5 48.Rd5 g6 49.Rxc5 dxc5 50.Be2 Kg7
51.Bc4 g5 52.Kg2 Bd4 53.Kf3 Kf6 54.g4 Rd6 55.b6 Be5 56.b7 Rd4 57.Rb6+ Ke7
58.f6+ Kd7 59.Bb5+  1-0

[Event "2nd CMA Futurity"]
[Site "Toronto CAN"]
[Date "2002.08.12"]
[Round "1"]
[White "Bluvshtein,M"]
[Black "Ivanov,IgorV"]
[Result "1-0"]
[WhiteElo "2367"]
[BlackElo "2489"]

1.d4 g6 2.e4 Bg7 3.Nf3 d6 4.c4 Nf6 5.Nc3 O-O 6.Be2 e5 7.O-O Nc6 8.d5 Ne7
9.Ne1 Nd7 10.Be3 f5 11.f3 f4 12.Bf2 g5 13.Rc1 Ng6 14.c5 Nxc5 15.b4 Na6 16.Nb5 Rf7
17.Nxa7 Nxb4 18.a4 b6 19.Nxc8 Qxc8 20.Qd2 Na6 21.Bxb6 h5 22.Kh1 Bh6 23.Bb5 g4
24.Qe2 Bf8 25.Bg1 Rg7 26.Bc6 Rb8 27.Bb5 Ra8 28.Bc6 Rb8 29.Ba7 Rb4 30.Bb5 c5
31.Bxa6 Qa8 32.Bxc5 Rxa4 33.Bxd6 Rxa6 34.Bxf8 Nxf8 35.Nd3 Ng6 36.Nc5 Ra2
37.Rc2 gxf3 38.Rxa2  1-0

[Event "2nd CMA Futurity"]
[Site "Toronto CAN"]
[Date "2002.08.13"]
[Round "2"]
[White "Ivanov,IgorV"]
[Black "Zugic,I"]
[Result "1-0"]
[WhiteElo "2489"]
[BlackElo "2450"]

1.d4 d5 2.c4 c6 3.e3 Nf6 4.Nc3 g6 5.Nf3 Bg7 6.Be2 O-O 7.O-O dxc4 8.Bxc4 Bg4
9.Be2 Nbd7 10.h3 Bxf3 11.Bxf3 e5 12.d5 cxd5 13.Bxd5 Nc5 14.b4 Nxd5 15.Qxd5 Qxd5
16.Nxd5 Rfd8 17.Ne7+ Kf8 18.Nxg6+ hxg6 19.bxc5 Rac8 20.Rb1 Rd7 21.e4 Ke8
22.Be3 Bf8 23.Rfc1 Rc6 24.g4 f6 25.h4 Rh7 26.f3 Ra6 27.Rc2 Rd7 28.Kf2 Rc6
29.h5 gxh5 30.gxh5 b6 31.Kg3 Rg7+ 32.Kh3 Bxc5 33.Bxc5 Rxc5 34.Rxc5 bxc5 35.Rb8+ Kf7
36.Rc8 Rg5 37.Kh4 Rg1 38.Rc7+ Ke6 39.Rxc5 Rh1+ 40.Kg3 Rxh5 41.Ra5 Rg5+ 42.Kf2 f5
43.Ra6+ Kf7 44.Rxa7+ Kf6 45.Ra6+ Kf7 46.exf5 Rxf5 47.Ke3 Rf4 48.a4 Kg7 49.Ra8 Kf7
50.a5 Ra4 51.a6 Kg7 52.a7  1-0

[Event "2nd CMA Futurity"]
[Site "Toronto CAN"]
[Date "2002.08.14"]
[Round "3"]
[White "Lawson,E"]
[Black "Ivanov,IgorV"]
[Result "1-0"]
[WhiteElo "2253"]
[BlackElo "2489"]

1.b3 Nf6 2.Bb2 g6 3.Bxf6 exf6 4.g3 Bg7 5.Bg2 f5 6.d4 O-O 7.e3 d5 8.Ne2 c6
9.O-O Nd7 10.c4 Nf6 11.Nbc3 Be6 12.Qd3 Qa5 13.Nf4 Qa6 14.cxd5 Qxd3 15.Nxd3 Nxd5
16.Nxd5 Bxd5 17.Bxd5 cxd5 18.Rac1 Rfd8 19.Rc7 Rab8 20.Rfc1 Bf8 21.Nc5 Bxc5
22.R1xc5 b6 23.R5c6 a5 24.Rf6 Rf8 25.Rd7 Kg7 26.Rc6 Rfc8 27.Rxc8 Rxc8 28.Rxd5 Rb8
29.Rd6 Kf8 30.Rc6 Ke8 31.Rc7 a4 32.bxa4 Ra8 33.Rc4 Kd7 34.Kg2 Kd6 35.h4 h6
36.Kf3 Ra5 37.Rb4 Kc6 38.Ke2 g5 39.hxg5 hxg5 40.Kd3 g4 41.Kc3 Ra8 42.Kb3 Rh8
43.Rb5 f4 44.Kc3 fxg3 45.fxg3 Rh3 46.Rf5 Rxg3 47.Kd3 Rg2 48.Rf6+ Kc7 49.Rxf7+ Kc6
50.Rg7 Rxa2 51.Rxg4 Ra3+ 52.Ke2 Kc7 53.Rg7+ Kb8 54.e4 Rxa4 55.Kd3 b5 56.e5 Ra1
57.e6 Re1 58.d5 Kc8 59.Kd4 b4 60.Kc4 Re4+ 61.Kc5 b3 62.Rg8+ Kb7 63.Rg3  1-0

[Event "2nd CMA Futurity"]
[Site "Toronto CAN"]
[Date "2002.08.16"]
[Round "5"]
[White "Arencibia,W"]
[Black "Ivanov,IgorV"]
[Result "1-0"]
[WhiteElo "2534"]
[BlackElo "2489"]

1.d4 Nf6 2.Nf3 d6 3.g3 Bg4 4.Bg2 c6 5.O-O e6 6.c4 Be7 7.Nc3 d5 8.Qb3 Qb6
9.Bf4 Qxb3 10.axb3 Nbd7 11.Nd2 O-O 12.h3 Bf5 13.g4 Bg6 14.c5 Rfe8 15.b4 a6
16.Bg3 h5 17.g5 Nh7 18.h4 f6 19.f4 f5 20.Nb3 Rab8 21.e3 Rec8 22.Ra4 Be8 23.Rfa1 Nhf8
24.Bf1 Bd8 25.Be2 Rc7 26.Be1 Be7 27.Na5 Bd8 28.Nd1 Be7 29.Nxb7 Rbxb7 30.Rxa6 Nb8
31.Ra8 g6 32.Nc3 Kf7 33.R1a5 Bd8 34.Ra3 Be7 35.Kf1 Bd7 36.Rb3 Rc8 37.Bd2 Rcc7
38.Ke1 Be8 39.Kd1 Nfd7 40.Kc2 Ra7 41.Ra3 Rxa8 42.Rxa8 Rb7 43.Nb1 Nf8 44.Na3 Nfd7
45.Bc3 Bf8 46.b5 cxb5 47.Bxb5 Nf6 48.gxf6 Bxb5 49.Nxb5 Rxb5 50.b4 Rb7 51.Kb3 e5
52.fxe5 Bh6 53.c6 Nxc6 54.Rh8 Bg7 55.Rh7 Kg8 56.Rxg7+ Rxg7 57.fxg7 Kxg7 58.b5 Nd8
59.Kb4 Kf7 60.Kc5 Ke6 61.b6 g5 62.hxg5 h4 63.Be1 h3 64.Bg3 Nb7+ 65.Kc6 Na5+
66.Kc7  1-0

[Event "2nd CMA Futurity"]
[Site "Toronto CAN"]
[Date "2002.08.19"]
[Round "7"]
[White "Findlay,I"]
[Black "Ivanov,IgorV"]
[Result "1/2-1/2"]
[WhiteElo "2328"]
[BlackElo "2489"]

1.e4 c5 2.Nf3 Nc6 3.d4 cxd4 4.Nxd4 Nf6 5.Nc3 d6 6.Bg5 Qb6 7.Nb3 e6 8.Qd2 a6
9.O-O-O Qc7 10.f4 b5 11.Bd3 Be7 12.Kb1 h6 13.Bxf6 Bxf6 14.Bxb5 axb5 15.Nxb5 Qb6
16.Nxd6+ Kf8 17.e5 Be7 18.c4 g6 19.Rhf1 Kg7 20.g4 Rd8 21.Qc3 Qb4 22.Qxb4 Nxb4
23.a3 Nc6 24.Nd4 Bd7 25.Nxc6 Bxc6 26.f5 exf5 27.gxf5 Bxd6 28.f6+ Kh7 29.Rxd6 Bd7
30.b4 Be6 31.c5 Rdc8 32.Kb2 g5 33.c6 Kg6 34.Rc1 Kf5 35.Rc5 g4 36.Rd4 Ra4
37.Rd3 Ke4 38.Rd6 h5 39.Rxe6 fxe6 40.Kb3 Raa8 41.b5 Rab8 42.f7 h4 43.c7 Rb7
44.Kb4 g3 45.hxg3 hxg3 46.f8=Q Rxf8 47.c8=Q Rxc8 48.Rxc8 Rg7 49.Rc1 g2 50.Rg1 Kd5
51.a4 Rg4+ 52.Ka5 Kc5 53.Rc1+ Rc4 54.Rg1 Rg4  1/2-1/2

[Event "2nd CMA Futurity"]
[Site "Toronto CAN"]
[Date "2002.08.21"]
[Round "9"]
[White "Ivanov,IgorV"]
[Black "Tyomkin,D"]
[Result "0-1"]
[WhiteElo "2489"]
[BlackElo "2482"]

1.d4 Nf6 2.c4 g6 3.Nc3 d5 4.cxd5 Nxd5 5.e4 Nxc3 6.bxc3 Bg7 7.Bc4 O-O 8.h4 c5
9.Ne2 cxd4 10.cxd4 Nc6 11.Be3 Bg4 12.f3 Na5 13.Bd5 Bd7 14.h5 e6 15.Bb3 Bb5
16.hxg6 hxg6 17.e5 Bxe2 18.Qxe2 Rc8 19.Qd2 Nc4 20.Bxc4 Rxc4 21.Rd1 Qe7 22.Bh6 Qb4
23.Qxb4 Rxb4 24.Bxg7 Kxg7 25.d5 Rb5 26.f4 exd5 27.O-O Rc8 28.Rd2 Rc4 29.g3 Rc3
30.Kg2 Ra5 31.f5 Re3 32.e6 gxf5 33.exf7 Re5 34.Rc2 Kxf7 35.Rc7+ Kg6 36.Rxb7 Rxa2+
37.Rf2 Ra3 38.Rb8 a5 39.Rb5 a4 40.Rd2 Ree3  0-1

[Event "North American Open"]
[Site "Las Vegas USA"]
[Date "2002.12.27"]
[Round "2"]
[White "Ivanov,IgorV"]
[Black "Mackenzie,D"]
[Result "1-0"]
[WhiteElo "2433"]
[BlackElo "2116"]

1.d4 Nf6 2.c4 d5 3.cxd5 Nxd5 4.Nf3 Bf5 5.Qb3 e6 6.Bg5 Bb4+ 7.Nc3 Qd6 8.Bd2 O-O
9.Rc1 Nc6 10.e3 Na5 11.Qd1 Nxc3 12.Bxc3 c5 13.Bxb4 cxb4 14.Bd3 Bxd3 15.Qxd3 Rac8
16.O-O f6 17.Qb5 b6 18.h3 Qd5 19.Qa6 Qb7 20.Qxb7 Nxb7 21.Rfd1 Rfd8 22.Kf1 Kf7
23.Ke2 Ke7 24.Ne1 a5 25.Nd3 g5 26.Rxc8 Rxc8 27.Rc1 Rxc1 28.Nxc1 Nd6 29.Kd3 b5
30.b3 f5 31.f3 Kd7 32.g4 Kc6 33.Ne2 h6 34.Ng3 fxg4 35.hxg4 Nf7 36.f4 gxf4
37.exf4 Kd5 38.Ne4 Kc6 39.g5 hxg5 40.fxg5 Nh8 41.Nf6 Ng6 42.Ke4 Kd6 43.Nh5 Ne7
44.Nf4 a4 45.g6 axb3 46.axb3 Ng8 47.Nd3 Nf6+ 48.Ke3 Nd5+ 49.Kf3 Ke7 50.Nf4 Nc3
51.g7 Kf7 52.Nxe6  1-0

[Event "North American Open"]
[Site "Las Vegas USA"]
[Date "2002.12.28"]
[Round "5"]
[White "Kacheishvili,G"]
[Black "Ivanov,IgorV"]
[Result "1-0"]
[WhiteElo "2597"]
[BlackElo "2433"]

1.d4 d5 2.c4 dxc4 3.Nf3 Nf6 4.e3 g6 5.Bxc4 Bg7 6.O-O O-O 7.Nc3 Nfd7 8.Qe2 Nb6
9.Bb3 Bg4 10.Rd1 N8d7 11.h3 Bxf3 12.Qxf3 c6 13.e4 e5 14.d5 c5 15.Be3 Rc8
16.a4 c4 17.Bc2 a6 18.a5 Na8 19.Qe2 Nf6 20.Ra4 Ne8 21.Rxc4 Rxc4 22.Qxc4 Nd6
23.Qb4 Qc7 24.Bc5 Rd8 25.Bd3 Bf8 26.Na4 Nc8 27.Rc1 Bd6 28.Rc3 Qe7 29.Bxd6 Nxd6
30.Nc5 Kf8 31.g3 h5 32.h4 Kg7 33.Rb3 Nc7 34.Nxb7 Rb8 35.Qa3  1-0

[Event "National Open"]
[Site "Las Vegas USA"]
[Date "2004.06.18"]
[Round "2"]
[White "Weinberger,T"]
[Black "Ivanov,IgorV"]
[Result "0-1"]
[WhiteElo "2228"]
[BlackElo "2438"]

1.d4 g6 2.e4 Bg7 3.Nf3 d6 4.Bc4 c6 5.O-O d5 6.exd5 cxd5 7.Bb5+ Nc6 8.c4 Nf6
9.Ne5 Bd7 10.Nc3 dxc4 11.Bxc6 Bxc6 12.Nxc6 bxc6 13.Qa4 O-O 14.Qxc4 Nd5 15.Bg5 h6
16.Bd2 Rb8 17.Na4 Qd6 18.Rab1 Nf4 19.Rfd1 Rfd8 20.Ba5 Qd5 21.Qxd5 Rxd5 22.Bc7 Ne2+
23.Kf1 Rb4 24.Nc3 Nxc3 25.bxc3 Ra4 26.Rb2 e5 27.Re1 exd4 28.Re8+ Kh7  0-1

[Event "National Open"]
[Site "Las Vegas USA"]
[Date "2004.06.20"]
[Round "5"]
[White "Ivanov,IgorV"]
[Black "Fang,J"]
[Result "1-0"]
[WhiteElo "2438"]
[BlackElo "2317"]

1.Nf3 d5 2.c4 c6 3.cxd5 cxd5 4.d4 Nf6 5.Nc3 Nc6 6.Bf4 a6 7.e3 e6 8.Bd3 Bd6
9.Bg3 O-O 10.Rc1 Na5 11.Ne5 b5 12.Bh4 Be7 13.O-O Bb7 14.a4 b4 15.Na2 Ne4
16.Bxe7 Qxe7 17.Bxe4 dxe4 18.Rc5 Qd8 19.Nxb4 Qb6 20.Na2 Rfd8 21.b4 Nc6 22.a5 Qc7
23.b5 Qxe5 24.bxc6 Qxc5 25.dxc5 Rxd1 26.cxb7  1-0

[Event "National Open"]
[Site "Las Vegas USA"]
[Date "2004.06.20"]
[Round "6"]
[White "Ivanov,IgorV"]
[Black "Fridman,D2"]
[Result "0-1"]
[WhiteElo "2438"]
[BlackElo "2594"]

1.Nf3 d5 2.d4 Nf6 3.c4 e6 4.Nc3 c6 5.cxd5 exd5 6.Bg5 h6 7.Bxf6 Qxf6 8.e3 Bd6
9.Bd3 O-O 10.O-O Bg4 11.h3 Bh5 12.Be2 Qe7 13.Qb3 Rc8 14.Rfe1 Rc7 15.e4 dxe4
16.Ne5 Bxe2 17.Rxe2 Bxe5 18.dxe5 Nd7 19.Nxe4 Nxe5 20.Qg3 Rd7 21.Nc3 f6 22.f4 Qc5+
23.Kh2 Nd3 24.Qg6 Rf8 25.Rf1 Qc4 26.Rf3 Qf7 27.Qf5 Rfd8 28.Rfe3 Nb4 29.Qc5 Nd3
30.Qf5 b5 31.Rg3 Kh8 32.Rd2 Nb4 33.Re2 Nd3 34.Rge3 b4 35.Na4 Rd5 36.Qg4 R8d7
37.Re8+ Kh7 38.Rc8 f5 39.Qg3 Rc7 40.Ra8 Re7 41.Rd2 Ne1 42.Rf2 Qf6 43.Rf1 Rd3
44.Qf2 Rde3 45.Nc5 Qd6 46.Nb7 Qg6 47.Nc5 Re2 48.Nd7 Qxg2+ 49.Qxg2 Rxg2+ 50.Kh1 Rxd7
51.Rxe1 Rxb2  0-1

[Event "ch-CAN"]
[Site "Toronto CAN"]
[Date "2004.08.20"]
[Round "1"]
[White "Masse,H"]
[Black "Ivanov,IgorV"]
[Result "0-1"]
[WhiteElo "2143"]
[BlackElo "2438"]

1.d4 g6 2.c4 Bg7 3.e4 Nc6 4.d5 Nd4 5.Be3 c5 6.Ne2 Qb6 7.Bxd4 cxd4 8.Qb3 Nf6
9.Nd2 O-O 10.g3 d6 11.Bg2 Nd7 12.O-O Nc5 13.Qxb6 axb6 14.Nb3 d3 15.Nc3 Na4
16.Nxa4 Rxa4 17.Rfd1 Bg4 18.f3 Bd7 19.Rxd3 Rfa8 20.Rd2 Rb4 21.Rad1 Rxa2 22.Nc1 Raxb2
23.Rxb2 Rxb2 24.Bf1 Ba4 25.Rd3 b5 26.cxb5 Bxb5 27.Rd1 Ba4 28.Rd3 b5 29.Ne2 Bb3
30.Kf2 b4 31.Ke3 Rb1 32.Bg2 Bc4 33.Rd2 b3  0-1

[Event "ch-CAN"]
[Site "Toronto CAN"]
[Date "2004.08.22"]
[Round "3"]
[White "Panjwani,R"]
[Black "Ivanov,IgorV"]
[Result "0-1"]
[WhiteElo "2154"]
[BlackElo "2438"]

1.b3 Nf6 2.Bb2 e6 3.e3 c5 4.f4 b6 5.Nf3 Bb7 6.a4 Nc6 7.Na3 Be7 8.Be2 O-O
9.O-O d5 10.Bb5 Nd7 11.Ne5 Ndxe5 12.fxe5 f5 13.exf6 Bxf6 14.Bxf6 Rxf6 15.Qh5 Qe7
16.Rxf6 gxf6 17.e4 dxe4 18.Bxc6 Bxc6 19.Nc4 Qg7 20.Re1 Be8 21.Qh3 f5 22.Qh4 Bg6
23.Qf4 Rd8 24.h4 Bh5 25.Kh2 Qg4 26.Qxg4+ Bxg4 27.Kg3 Kg7 28.a5 b5 29.Ne5 Rxd2
30.Nxg4 fxg4 31.Rxe4 Kf6 32.Rf4+ Ke5 33.Rf7 h5 34.Rxa7 Rxc2 35.b4 Rc3+ 36.Kf2 cxb4
37.Rb7 g3+ 38.Ke2 Ke4 39.Rd7 Ra3 40.Rd2 b3  0-1

[Event "ch-CAN"]
[Site "Toronto CAN"]
[Date "2004.08.23"]
[Round "4"]
[White "Ivanov,IgorV"]
[Black "Tipu,V"]
[Result "1-0"]
[WhiteElo "2438"]
[BlackElo "2194"]

1.g3 d5 2.Bg2 Nf6 3.Nf3 Bf5 4.c4 c6 5.b3 e6 6.d3 Nbd7 7.O-O Bd6 8.Bb2 Qe7
9.Nbd2 O-O 10.Nh4 Bg4 11.h3 Bh5 12.Re1 Ba3 13.Qc1 Bxb2 14.Qxb2 Rfd8 15.d4 Nb6
16.c5 Nbd7 17.b4 g5 18.Nhf3 Ne4 19.Ne5 Nxd2 20.Qxd2 Nxe5 21.dxe5 f6 22.Qd4 Rf8
23.e4 f5 24.exd5 exd5 25.f4 h6 26.b5 Kh7 27.bxc6 bxc6 28.Rab1 Rg8 29.Kh2 Rg7
30.Rb3 Qe6 31.Bf1 Re8 32.Bd3 Bg6 33.Reb1 gxf4 34.gxf4 Reg8 35.Rb7 Bf7 36.Qf2 d4
37.Qc2 Kh8 38.Rb8 Qg6 39.Rxg8+ Bxg8 40.Qf2 Bxa2 41.Rb8+ Kh7 42.Rf8 Be6 43.Rf6 Qe8
44.Qc2 Kh8 45.Bxf5 Bxf5 46.Qxf5 Kg8 47.Rxh6 Qd7 48.Qh5 Rh7 49.e6 Qe7 50.Rxh7  1-0

[Event "ch-CAN"]
[Site "Toronto CAN"]
[Date "2004.08.25"]
[Round "6"]
[White "Ivanov,IgorV"]
[Black "Milicevic,G"]
[Result "1/2-1/2"]
[WhiteElo "2438"]
[BlackElo "2271"]

1.e4 e6 2.d3 d5 3.Nd2 c5 4.Ngf3 Nc6 5.g3 Bd6 6.Bg2 Nge7 7.O-O O-O 8.Re1 Qc7
9.Qe2 f6 10.c3 d4 11.Nc4 e5 12.cxd4 cxd4 13.Nxd6 Qxd6 14.Bd2 Be6 15.Rec1 a5
16.Nh4 g5 17.Nf3 Ng6 18.Ne1 Kg7 19.Bf3 b5  1/2-1/2